| 000 | 00790nam a2200241Ia 4500 | ||
|---|---|---|---|
| 999 |
_c28197 _d28197 |
||
| 005 | 20240530101841.0 | ||
| 008 | 140319s9999 xx 000 0 ara d | ||
| 017 | _bمصر. دار الكتب | ||
| 040 |
_aGCL / _cGCL |
||
| 082 | 0 | 4 |
_a301.2 _bس ع _221 |
| 100 | 1 | _aسامية محمد جابر | |
| 245 | 1 | 0 |
_aعلم الانسان : _bمدخل الى الانثروبولوجيا الاجتماعية والثقافية / _cسامية محمد جابر |
| 260 | _c1991 | ||
| 300 | _a192 ص | ||
| 650 | 0 | 4 |
_aالمجتمع _2qrmak |
| 650 | 0 | 4 |
_aالسحر _2qrmak |
| 650 | 0 | 4 |
_aالثقافة _2qrmak |
| 650 | 0 | 4 |
_aالاجتماع _2qrmak |
| 650 | 0 | 4 |
_aالضبط الاجتماعى _2qrmak |
| 650 | 0 | 4 |
_aالمجتمع البدائى _2qrmak |
| 651 | _2qrmak | ||
| 942 |
_2ddc _cBK |
||